000 00372nam a2200145Ia 4500
008 231129s1984||||xx |||||||||||||| ||spa||
020 _a84-8280-937-1 (v.1
040 _bspa
082 _a813 C617t
100 _aClavell James
245 0 _aTaipan
260 _c1984
264 _aBogotá Colombia : La Oveja Negra
942 _2ddc
_cBKS
999 _c24964
_d24964